000 00766cai a22001815a 4500
001 E144716
008 080806u xxk g 000 0 eng d
035 _a(Sirsi) u144716
041 0 _aeng
110 2 _aScottish Property Federation
_95359
245 0 0 _aSPF
_bScottish Property Federation
_h[electronic resource]
520 _aWebsite of the Scottish Property Federation, which represents its members from the commercial property sector. Includes links to relevant research and publications, as well as news and comment.
590 _aKA
651 4 _aScotland
_y1999-
690 _aPROPERTY-COMMERCIAL PROPERTY
856 4 0 _uhttps://www.scottishpropertyfederation.org.uk/
_zView the website free of charge at www.scottishpropertyfederation.org.uk...
942 _n0
999 _c120691
_d120691